000
00312nam a2200121Ia 4500
008
190723s9999 xx 000 0 und d
020
_a
978-81-317-1675-5
100
_a
Muhammad Ali Mazidi
245
0
_a
PIC Microcontroller and Embedded systems
260
_a
India
_b
Pearson
_c
2008
300
_a
782.:p
942
_c
BK
999
_c
1599
_d
1599